00889nam a2200241 i 450000100060000000300090000600500170001500700030003200800410003502000180007608000190009410000400011324501150015325000150026826000370028330000220032049000360034265100560037883000410043485200330047599900170050895201220052510103ES-MaACL20250829045055.0t|950209s1994 sp ||||1| spa d a84-7880-445-5 a32(46)"1978- "1 aGarcía-Trevijano, Antonio.95534113aEl Discurso de la República o del hecho nacional a la conciencia de España / cAntonio García Trevijano. a[1ª ed.]. aMadrid : bTemas de Hoy, c1994. a300 p. ; c22 cm.1 aGrandes temas. Serie La tribuna 4aEspaña-xPolítica y gobierno-y1975-1982.9844700aGrandes temas (Temas de Hoy)9237065 aES-MaACLjL-17577 bR.123516 c10103d10103 00104070aATENEOMbATENEOMcDEPO2d2008-01-17eSCl0oL-17577p1010312r2023-02-23 00:00:00w2023-02-23yMONOGRAFIA